00437 2200169 4500001002100000005001500021035001900036245005000055100001800105300003800123260004600161082000700207084001300214022001200227863001400239990001400253INLIS00000000000177520250505092333$a 0010-0525000017$a Manakala Alam Mulai "Murka" /$c Bhakti Karyono$a Bhakti Karyono$a 50 hlm : $b ilus ; $c 21 x 27.5 cm$a Jakarta :$b PT Kuark Internasional,$c 2025$a 050$a 050 BHA m$a 16939964$a Maret 2025$a MK007/2025